Costos de producción de agua potable para el acueducto metropolitano

Збережено в:
Бібліографічні деталі
Автор: Vilaplana Barrero, Jorge
Формат: Книга
Опубліковано: 1982
Предмети:
Теги: Додати тег
Немає тегів, Будьте першим, хто поставить тег для цього запису!

MARC

LEADER 00000nam a2200000Ia 4500
003 002024
005 20221231144421.0
008 140114s1982 cr a m 000 ||s d
040 |c cru CEDI 
090 |a TFG 1281 
100 |a Vilaplana Barrero, Jorge  |9 15404 
245 |a Costos de producción de agua potable para el acueducto metropolitano 
260 |c 1982 
300 |a  [269] hojas : ilustraciones (algunas plegables) ; 28 cm  
500 |a Proyecto de graduación (ingeniero civil)--Universidad de Costa Rica. Facultad de Ingeniería. Escuela de Ingeniería Civil 
650 |x SUMINISTRO DE AGUA - AREA METROPOLITANA DE SAN JOSE (COSTA RICA)  |9 14953 
942 |c TFG 
999 |c 21573  |d 21573